Central Library OPAC University of Rajshahi
Normal view MARC view

Entry Personal Name

Number of records used in: 2

001 - CONTROL NUMBER

  • control field: 3518

003 - CONTROL NUMBER IDENTIFIER

  • control field: BD-RjUL

005 - DATE AND TIME OF LATEST TRANSACTION

  • control field: 20220608114315.0

008 - FIXED-LENGTH DATA ELEMENTS

  • fixed length control field: 220608|| aca||aabn | a|a d

040 ## - CATALOGING SOURCE

  • Original cataloging agency: BD-RjUL
  • Transcribing agency: BD-RjUL

100 ## - HEADING--PERSONAL NAME

  • Personal name: ছিদ্দিকী, মোহাম্মদ মুহিবউল্যা, কো-সুপারভাইজার

670 ## - SOURCE DATA FOUND

  • Source citation: Work cat.: (BD-RjUL)79944: হাদিউজজামান, সৈয়দ 3515, বাংলাদেশের ইতিহাস চর্চার ধারা :, ২০০৫